000 00629cam a22002291 4500
001 sa 67002739
003 DLC
005 20260227112332.0
008 780407s1967 ii b b 000 0 eng
010 _asa 67002739
025 _aPL480:I-E-7875
035 _a(OCoLC)3787849
040 _aDLC
_cMH
_dMH
_dDLC
042 _apremarc
050 0 0 _aDS777.55
_b.G692
100 1 _aGrewal, Nirmal Singh.
245 1 0 _aCommunist rule in China.
260 _aAllahabad,
_bKitab Mahal,
_c1967.
300 _axii, 188 p.
_bmap.
_c23 cm.
504 _aBibliographical footnotes.
651 0 _aChina
_xPolitics and government
_y1949-1976.
999 _c73403
_d73403